1870 1268 1765 1359 1457 1173 1215 1786 1758 1844 1331 1093 1739 1535 1430 1595 1421 1122 1824 1852 1116 1442 1289 1512 1193 1470 1417 1239 1720 1419 1458 1449 1878 1064 1052 1983 1942 1501 1653 1278 1367 1371 1311 1941 1384 1181 1373 1721 1201 1953 1702 1422 1359 1874 1936 1859 1899 1087 1841 1241 1388 1066 1052 1012 1573 1507 1899 1917 1853 1270 1942 1090 1360 1050 1205 1425 1713 1355 1279 1019 1332 1125 1456 1490 1833 1096 1890 1614 1364 1449 1955 1163 1366 1434 1887 1496 1980 1451 1664 BCNSPRNW ULIB Ver.6.0+V

เปลี่ยนเป็นภาษาไทย

Change to English
 แสดงรายละเอียดบรรณานุกรม
  กลับหน้าหลัก

Brief Record : Get Marc (ISO 2709) : E-mail record : QR code < ปิดหน้าต่าง
LEADER : 00000nam 2200000uu 4500
001    13399123809
003     ULIB
008    141201s2556||||th 000 0 tha d
020    ^a9786163482594
060 04 ^aWF200^bส453ย
100 0  ^aสมชาย สวัสดี
245 10 ^aยาแอโรโซลและระบบหายใจ/^cสมชาย สวัสดี และ ธีระพล ศรีชนะ
250    ^aพิมพ์ครั้งที่ 1.
260    ^aสงขลา :^bพีซี โปรสเปค^c2556
300    ^a204 หน้า :^bภาพประกอบ ;^c30 ซม
504    ^aมีบรรณานุกรมและดัชนี
650  7 ^aยารักษาโรคระบบหายใจ
650  7 ^aระบบหายใจ, โรค^xการรักษาด้วยยา
650  7 ^aยาแอโรโซล
700 0  ^aธีระพล ศรีชนะ
710 2  ^aมหาวิทยาลัยสงขลานครินทร์
945    ^p200^l0^i22166
945    ^p200^l0^i22167
945    ^p200^l0^i22168
945    ^p200^l0^i22169
945    ^p200^l0^i22170
999    ^aทศพร เกษรทอง
รายการนี้ยังไม่มีแท็ก
คุณยังไม่ได้ล็อกอิน คุณสามารถมีกิจกรรมร่วมกับเว็บไซต์ได้ แต่ต้องล็อกอินก่อน ::
  ล็อกอิน

รายการสื่อสารสนเทศ

ลำดับที่ ประเภท เลขเรียก/บาร์โค้ด สถานที่ สถานะ
1. วิทยาศาสตร์การแพทย์ และสุขภาพ
วิทยาศาสตร์การแพทย์ และสุขภาพ
สถานะ=หนังสือเก่า
WF200 ส453ย ฉ.1 
  Barcode: 22166
ห้องสมุดวิทยาเขตนครสวรรค์
►ส่วนจัดเก็บหนังสือเก่า นว.
บนชั้น
  ขอยืม
2. วิทยาศาสตร์การแพทย์ และสุขภาพ
วิทยาศาสตร์การแพทย์ และสุขภาพ
สถานะ=หนังสือเก่า
WF200 ส453ย ฉ.2 
  Barcode: 22167
ห้องสมุดวิทยาเขตนครสวรรค์
►ส่วนจัดเก็บหนังสือเก่า นว.
บนชั้น
  ขอยืม
3. วิทยาศาสตร์การแพทย์ และสุขภาพ
วิทยาศาสตร์การแพทย์ และสุขภาพ
สถานะ=หนังสือเก่า
WF200 ส453ย ฉ.3 
  Barcode: 22168
ห้องสมุดวิทยาเขตนครสวรรค์
►ส่วนจัดเก็บหนังสือเก่า นว.
บนชั้น
  ขอยืม
4. วิทยาศาสตร์การแพทย์ และสุขภาพ
วิทยาศาสตร์การแพทย์ และสุขภาพ
สถานะ=หนังสือเก่า
WF200 ส453ย ฉ.4 
  Barcode: 22169
ห้องสมุดวิทยาเขตนครสวรรค์
►ส่วนจัดเก็บหนังสือเก่า นว.
บนชั้น
  ขอยืม
5. วิทยาศาสตร์การแพทย์ และสุขภาพ
วิทยาศาสตร์การแพทย์ และสุขภาพ
สถานะ=หนังสือเก่า
WF200 ส453ย ฉ.5 
  Barcode: 22170
ห้องสมุดวิทยาเขตนครสวรรค์
►ส่วนจัดเก็บหนังสือเก่า นว.
บนชั้น
  ขอยืม

รายการใกล้เคียง
    ผู้แต่ง [สมชาย สวัสดี]

    หัวเรื่อง [ยารักษาโรคระบบหายใจ]
    หัวเรื่อง [ยาแอโรโซล]

BibComment


ยังไม่เคยถูกคอมเมนท์

คอมเมนท์ทรัพยากรรายการนี้
  คอมเมนท์: ยาแอโรโซลและระบบ..


 Copyright 2026. Bcnsprnw @Library